Pokemon starting with the letter T - Statistics

General Stats
  • This quiz has been taken 19 times
    15 since last reset
  • The average score is 55 of 64
Answer Stats
Gen Answer % Correct
9 Tadbulb
100%
3 Taillow
100%
5 Throh
100%
5 Thundurus
100%
5 Timburr
100%
7 Togedemaru
100%
3 Torkoal
100%
5 Tornadus
100%
4 Torterra
100%
7 Trumbeak
100%
7 Turtonator
100%
4 Turtwig
100%
5 Tynamo
100%
2 Typhlosion
100%
2 Tyranitar
100%
6 Tyrantrum
100%
6 Tyrunt
100%
6 Talonflame
86%
1 Tangela
86%
4 Tangrowth
86%
7 Tapu Fini
86%
7 Tapu Lele
86%
9 Tarountula
86%
1 Tauros
86%
2 Teddiursa
86%
1 Tentacool
86%
1 Tentacruel
86%
5 Tepig
86%
9 Terapagos
86%
8 Thievul
86%
8 Thwackey
86%
9 Ting-Lu
86%
9 Tinkatink
86%
9 Tinkaton
86%
9 Tinkatuff
86%
9 Toedscool
86%
9 Toedscruel
86%
4 Togekiss
86%
2 Togepi
86%
2 Togetic
86%
3 Torchic
86%
7 Torracat
86%
7 Toucannon
86%
7 Toxapex
86%
8 Toxel
86%
4 Toxicroak
86%
8 Toxtricity
86%
5 Tranquill
86%
6 Trevenant
86%
5 Trubbish
86%
5 Tympole
86%
2 Tyrogue
86%
9 Tandemaus
71%
7 Tapu Bulu
71%
7 Tapu Koko
71%
9 Tatsugiri
71%
5 Terrakion
71%
5 Tirtouga
71%
2 Totodile
71%
3 Trapinch
71%
3 Treecko
71%
3 Tropius
71%
7 Tsareena
71%
7 Type Null
57%
No matching quizzes found
Score Distribution
Percent of People with Each Score
Percentile by Number Answered
Your Score History
You have not taken this quiz since the last reset